Parciálne derivácie v ekonomických aplikáciách bakalárska práca

Guardado en:
Detalles Bibliográficos
Autor principal: Nagyová, Veronika
Autor Corporativo: Fakulta hospodárskej informatiky EU. Katedra matematiky
Otros Autores: Šoltésová, Tatiana, 1975-
Formato: Libro
Lenguaje:eslovaco
Publicado: Bratislava 2011
Etiquetas: Agregar Etiqueta
Sin Etiquetas, Sea el primero en etiquetar este registro!

MARC

LEADER 00000nbm a2200000 4500
001 0140966
005 20161109111724.9
041 0 |a slo 
044 |a SK 
245 1 0 |a Parciálne derivácie v ekonomických aplikáciách  |b bakalárska práca  |c Veronika Nagyová ; školiteľ: Tatiana Šoltésová 
264 1 |a Bratislava  |c 2011 
300 |a 45 s. 
100 1 |a Nagyová, Veronika 
700 1 |a Šoltésová, Tatiana, 1975- 
710 2 |a Fakulta hospodárskej informatiky EU. Katedra matematiky